000 00590nam a2200229Ia 4500
003 OSt
005 20221005125947.0
006 a|||||r|||| 00| 0
007 ta
008 221004b |||||||| |||| 00| 0 eng d
024 _a63712
037 _cTextual
040 _aCRL
_cCRL
_beng
041 _2eng
_aeng
082 _aX.2.N0, D1-;1
100 _aDigby William
245 0 _aProsperous British India
_b A revelation from official records
260 _c1901
650 _aECONOMICS
942 _hX.2.N0, D1-;1
_cTEXL
_2cc
999 _c1055629
_d1055629